U.S. History Analogies - Statistics

General Stats
  • This quiz has been taken 17,518 times
  • The average score is 13 of 20
Answer Stats
This is to this … As … % Correct
Abigail is Adams {Hillary} is Clinton
95%
1980 is to Reagan 2008 is to {Obama}
89%
1 is to Delaware 50 is to {Hawaii}
88%
MLK is to Luther FDR is to {Delano}
78%
Daniel is to Boone {Davy} is to Crockett
77%
Dubya is to Bush Ike is to {Eisenhower}
71%
Adams is to Washington Aldrin is to {Armstrong}
66%
Louisiana is to Louis XIV Virginia is to {Elizabeth}
66%
Puritan is to Massachusetts {Quaker} is to Pennsylvania
64%
Katrina is to New Orleans Andrew is to {Miami}
58%
Truman is to Roosevelt {Johnson} is to Lincoln
58%
Jefferson is to State {Hamilton} is to Treasury
57%
Geronimo is to Apache Crazy Horse is to {Lakota}
55%
Vivien Leigh is to "Gone With the Wind" {Judy} {Garland} is to "The Wizard of Oz"
53%
Yorktown is to Cornwallis Appomattox Court House is to {Lee}
50%
Judas is to Jesus {Benedict} {Arnold} is to the Continental Army
50%
Lieberman is to Gore {Palin} is to McCain
50%
Oswald is to Kennedy {Ruby} is to Oswald
48%
Carl Lewis is to 1984 {Jesse} {Owens} is to 1936
47%
Bonds is to Aaron Aaron is to {Ruth}
32%
No matching quizzes found
Score Distribution
Percent of People with Each Score
Percentile by Number Answered
Your Score History
You have not taken this quiz